000
00196 a2200097 4500
001
14824
100
_a
Alvi A
245
_a
Daikh liya Iran
260
_a
Lahore
_b
Alrouf
_c
090
_c
11595
_d
11595
942
_a
NUST-CAE
_c
M
_c
1775
999
_c
249897
_d
249897